000
00277nam a22001217a 4500
008
181003b xxu||||| |||| 00| 0 eng d
041
_a
eng
080
_a
591
100
_a
7
101
_a
ZOO
245
_a
Atlas Of The Mind Body And Mind
_c
Philips.R
942
_2
udc
_c
BK
999
_c
48818
_d
48818